[Event "Hampshire Major"]
[Site "Eastleigh"]
[Date "2014.11.08"]
[Round "4"]
[White "Webb, John"]
[Black "Foley, Phil T"]
[Result "1-0"]
[WhiteElo "1616"]
[BlackElo "1736"]
[PlyCount "123"]
[EventDate "2014.11.07"]
[EventType "swiss"]
[EventRounds "6"]
[EventCountry "ENG"]
[SourceTitle "BritBase"]
[Source "John Saunders"]
[SourceDate "2015.01.03"]
[SourceVersion "1"]
[SourceVersionDate "2015.01.03"]
[SourceQuality "1"]

1. c4 b6 2. Nf3 Nf6 3. Nc3 Bb7 4. g3 e6 5. Bg2 d5 6. cxd5 exd5 7. d4 Be7 8. O-O O-O 9. a3 Re8 10. b4 Nbd7 11. Ne5 Nf8 12. Qc2 Ne6 13. e3 a6 14. Na4 c5 15. bxc5 bxc5 16. dxc5 Nxc5 17. Nxc5 Bxc5 18. Nxf7 Qe7 19. Ng5 Bd6 20. Bb2 Be5 21. Bxe5 Qxe5 22. Nf3 Qe7 23. Nd4 Rac8 24. Qd2 Rc4 25. Rfc1 Ne4 26. Qe1 Rec8 27. Bf1 Rxc1 28. Rxc1 Qxa3 29. Ra1 Qd6 30. Qb1 Nc5 31. Bh3 Rb8 32. Nf5 Qe5 33. Nd4 Bc8 34. Qc2 Bxh3 35. Qxc5 Qe4 36. f3 Qxe3+ 37. Kh1 Rc8 38. Qxd5+ Kh8 39. Rd1 Re8 40. Rg1 Be6 41. Nxe6 Qxe6 42. Qxe6 Rxe6 43. Ra1 Kg8 44. Kg2 Kf7 45. h4 h6 46. g4 Ke7 47. f4 Kd7 48. h5 Kc7 49. Kf3 Kb6 50. g5 hxg5 51. fxg5 a5 52. Rh1 a4 53. h6 Re8 54. h7 Rh8 55. g6 Kc5 56. Ke4 Kd6 57. Kf5 Rf8+ 58. Kg5 Rh8 59. Rh4 Ke6 60. Rxa4 Rf8 61. Re4+ Kd5 62. Rf4 1-0

[Event "Hampshire Major"]
[Site "Eastleigh"]
[Date "2014.11.08"]
[Round "4"]
[White "Stone, Mark"]
[Black "Williams, Robin"]
[Result "0-1"]
[WhiteElo "1624"]
[BlackElo "1720"]
[PlyCount "125"]
[EventDate "2014.11.07"]
[EventType "swiss"]
[EventRounds "6"]
[EventCountry "ENG"]
[SourceTitle "BritBase"]
[Source "John Saunders"]
[SourceDate "2015.01.03"]
[SourceVersion "1"]
[SourceVersionDate "2015.01.03"]
[SourceQuality "1"]

1. e4 e5 2. Nf3 Nf6 3. Nxe5 d6 4. Nf3 Nxe4 5. d4 d5 6. Bd3 Be7 7. O-O O-O 8. Re1 Bf5 9. c4 c6 10. Qc2 Re8 11. Nbd2 Nxd2 12. Bxd2 Bxd3 13. Qxd3 Na6 14. a3 Nc7 15. c5 Ne6 16. b4 Qc7 17. g3 a6 18. Kg2 Bf6 19. Be3 g6 20. Ra2 Re7 21. a4 Bg7 22. Rae2 Rae8 23. h4 h6 24. Qd2 Kh7 25. Qd3 Nf8 26. Bf4 Qd8 27. h5 Rxe2 28. Rxe2 Rxe2 29. Qxe2 Nd7 30. hxg6+ fxg6 31. b5 axb5 32. axb5 Nf6 33. bxc6 bxc6 34. Qe6 Qd7 35. Qxd7 Nxd7 36. Be3 g5 37. Nd2 Kg6 38. Nb3 Kf5 39. Na5 Nb8 40. f3 h5 41. Nb7 Bf6 42. Nd6+ Kg6 43. Nb7 Kf5 44. Nd6+ Ke6 45. Nb7 Na6 46. Na5 Kd7 47. Nb3 Nb4 48. Kf1 h4 49. gxh4 gxh4 50. Kg2 Ke6 51. Kh3 Kf5 52. Nd2 Nc2 53. Bf2 Nxd4 54. Bxd4 Bxd4 55. Kxh4 Bxc5 56. Nb3 Bf2+ 57. Kh3 Kf4 58. Kg2 Be3 59. Na5 c5 60. Nb3 c4 61. Na1 c3 62. Nc2 Bb6 63. Kf1 0-1

[Event "Hampshire Major"]
[Site "Eastleigh"]
[Date "2014.11.08"]
[Round "4"]
[White "Syed, Ashraf"]
[Black "Snook Lumb, Chris"]
[Result "0-1"]
[WhiteElo "1712"]
[BlackElo "1592"]
[PlyCount "92"]
[EventDate "2014.11.07"]
[EventType "swiss"]
[EventRounds "6"]
[EventCountry "ENG"]
[SourceTitle "BritBase"]
[Source "John Saunders"]
[SourceDate "2015.01.03"]
[SourceVersion "1"]
[SourceVersionDate "2015.01.03"]
[SourceQuality "1"]

1. d4 f5 2. g3 Nf6 3. Nf3 d5 4. Bg2 e6 5. O-O Bd6 6. Bg5 Nbd7 7. Nc3 c6 8. a3 O-O 9. Rc1 Qe8 10. h3 Qh5 11. e3 Ne4 12. Bf4 Bxf4 13. exf4 Kh8 14. Qd3 Rf6 15. Ne5 g5 16. Qf3 Qh6 17. Qe3 Nxe5 18. dxe5 Rg6 19. fxg5 Nxg5 20. h4 Nf7 21. Qxh6 Rxh6 22. f4 Bd7 23. Kf2 Rg8 24. Rcd1 c5 25. Rg1 Rhg6 26. Bf3 Rc8 27. Ne2 Rgg8 28. g4 Nh6 29. g5 Nf7 30. h5 c4 31. c3 b5 32. Rg2 a5 33. Rdg1 h6 34. g6 Nd8 35. Nd4 Rb8 36. Ke3 b4 37. Bd1 Kg7 38. Rf2 Rb6 39. Rgg2 Nb7 40. a4 Nc5 41. cxb4 Rxb4 42. b3 cxb3 43. Rb2 Rgb8 44. Rge2 Bxa4 45. Rb1 Bd7 46. Reb2 a4 0-1

[Event "Hampshire Major"]
[Site "Eastleigh"]
[Date "2014.11.08"]
[Round "4"]
[White "Hurn, Paul"]
[Black "Gowers, Robert"]
[Result "1-0"]
[WhiteElo "1696"]
[BlackElo "1720"]
[PlyCount "41"]
[EventDate "2014.11.07"]
[EventType "swiss"]
[EventRounds "6"]
[EventCountry "ENG"]
[SourceTitle "BritBase"]
[Source "John Saunders"]
[SourceDate "2015.01.03"]
[SourceVersion "1"]
[SourceVersionDate "2015.01.03"]
[SourceQuality "1"]

1. e4 c5 2. Nc3 d6 3. f4 Nc6 4. Nf3 g6 5. Bc4 Bg7 6. O-O e5 7. d3 Nf6 8. Ng5 O-O 9. Bxf7+ Rxf7 10. Nxf7 Kxf7 11. fxe5 Nxe5 12. Bg5 Be6 13. Qe1 Kg8 14. Qh4 Ned7 15. e5 dxe5 16. Ne4 Kf7 17. Bxf6 Nxf6 18. Nxf6 Bxf6 19. Qxh7+ Kf8 20. Qxg6 Bf7 21. Rxf6 1-0

[Event "Hampshire Major"]
[Site "Eastleigh"]
[Date "2014.11.08"]
[Round "4"]
[White "Armorgie, Jack"]
[Black "Agostinelli, Dave"]
[Result "0-1"]
[WhiteElo "1640"]
[BlackElo "1624"]
[PlyCount "68"]
[EventDate "2014.11.07"]
[EventType "swiss"]
[EventRounds "6"]
[EventCountry "ENG"]
[SourceTitle "BritBase"]
[Source "John Saunders"]
[SourceDate "2015.01.03"]
[SourceVersion "1"]
[SourceVersionDate "2015.01.03"]
[SourceQuality "1"]

1. d4 Nf6 2. e3 g6 3. c4 Bg7 4. Nc3 O-O 5. Nf3 b6 6. Be2 Bb7 7. O-O d6 8. Bd2 Nbd7 9. Qc2 e6 10. b4 a6 11. a4 c5 12. bxc5 dxc5 13. a5 cxd4 14. exd4 bxa5 15. Rfb1 Qc7 16. h3 Rac8 17. Qa4 Bxf3 18. Bxf3 Qxc4 19. Qxa5 Qxd4 20. Be3 Qxc3 21. Qxa6 Qe5 22. Ra5 Nd5 23. Rb7 N7f6 24. Bc5 h5 25. Kf1 Rxc5 26. Rxc5 Ne3+ 27. fxe3 Qxc5 28. Kf2 Bh6 29. Qd3 Rc8 30. Rb2 Nd5 31. Bxd5 exd5 32. Re2 Qc4 33. Qb1 d4 34. exd4 Qxd4+ 0-1

[Event "Hampshire Major"]
[Site "Eastleigh"]
[Date "2014.11.09"]
[Round "5"]
[White "Wilson, Matthew R"]
[Black "Webb, John"]
[Result "1-0"]
[WhiteElo "1848"]
[BlackElo "1616"]
[PlyCount "77"]
[EventDate "2014.11.07"]
[EventType "swiss"]
[EventRounds "6"]
[EventCountry "ENG"]
[SourceTitle "BritBase"]
[Source "John Saunders"]
[SourceDate "2015.01.03"]
[SourceVersion "1"]
[SourceVersionDate "2015.01.03"]
[SourceQuality "1"]

1. e4 Nf6 2. e5 Nd5 3. d4 d6 4. Nf3 dxe5 5. Nxe5 c6 6. Bd3 Be6 7. O-O g6 8. c3 Bg7 9. Nf3 Bg4 10. h3 Bxf3 11. Qxf3 O-O 12. Nd2 Nd7 13. Re1 N7f6 14. Nc4 Re8 15. Ne5 Rf8 16. Bd2 Nd7 17. Ng4 N7f6 18. Nh6+ Kh8 19. Re2 Qd7 20. Rae1 Rae8 21. Ng4 Nxg4 22. hxg4 e6 23. Qh3 Kg8 24. g3 f5 25. Kg2 Nc7 26. Rh1 Bh8 27. Bf4 Rf7 28. Bxc7 Qd5+ 29. f3 fxg4 30. Qxg4 Rxc7 31. Bxg6 Rg7 32. Bxh7+ Kf8 33. Qf4+ Rf7 34. Qe4 Ree7 35. Bg6 Bg7 36. Bxf7 Kxf7 37. Qxd5 cxd5 38. f4 b5 39. Rhe1 1-0

[Event "Hampshire Major"]
[Site "Eastleigh"]
[Date "2014.11.09"]
[Round "5"]
[White "Hewitt, Robert"]
[Black "Dore, Alexandre"]
[Result "1/2-1/2"]
[WhiteElo "1704"]
[BlackElo "1856"]
[PlyCount "82"]
[EventDate "2014.11.07"]
[EventType "swiss"]
[EventRounds "6"]
[EventCountry "ENG"]
[SourceTitle "BritBase"]
[Source "John Saunders"]
[SourceDate "2015.01.03"]
[SourceVersion "1"]
[SourceVersionDate "2015.01.03"]
[SourceQuality "1"]

1. e4 e6 2. d4 d5 3. exd5 exd5 4. Nf3 Bd6 5. Bg5 f6 6. Bh4 Ne7 7. Nc3 c6 8. Be2 O-O 9. Qd2 b5 10. Bg3 Nf5 11. Bd3 Re8+ 12. Ne2 Na6 13. c3 b4 14. Qc2 g6 15. Bxd6 Qxd6 16. O-O c5 17. Bb5 Re7 18. dxc5 Qxc5 19. Ned4 Nxd4 20. Nxd4 Nc7 21. Bd3 bxc3 22. Qxc3 Qxc3 23. bxc3 Ba6 24. Bxa6 Nxa6 25. Rfe1 Rxe1+ 26. Rxe1 Rc8 27. Ne2 g5 28. g3 Kf7 29. Kf1 Nc5 30. Rc1 Ke6 31. c4 Ke5 32. cxd5 Kxd5 33. Nc3+ Ke5 34. f4+ gxf4 35. gxf4+ Kd4 36. Nb5+ Ke3 37. Nd6 Rd8 38. Nf5+ Kf3 39. Nh4+ Kg4 40. Rxc5 Kxh4 41. Rc6 f5 1/2-1/2

[Event "Hampshire Major"]
[Site "Eastleigh"]
[Date "2014.11.09"]
[Round "5"]
[White "Moore, Gillian A"]
[Black "Conway, Alex"]
[Result "1-0"]
[WhiteElo "1736"]
[BlackElo "1848"]
[PlyCount "63"]
[EventDate "2014.11.07"]
[EventType "swiss"]
[EventRounds "6"]
[EventCountry "ENG"]
[SourceTitle "BritBase"]
[Source "John Saunders"]
[SourceDate "2015.01.03"]
[SourceVersion "1"]
[SourceVersionDate "2015.01.03"]
[SourceQuality "1"]

1. d4 Nf6 2. c4 e5 3. dxe5 Ng4 4. e4 Nxe5 5. f4 Ng6 6. Be3 Bb4+ 7. Nd2 Qf6 8. e5 Qe7 9. a3 Bxd2+ 10. Qxd2 d6 11. exd6 cxd6 12. Be2 O-O 13. Nf3 Re8 14. Kf2 Nc6 15. b4 Bf5 16. Rhe1 b6 17. Bd3 Bxd3 18. Qxd3 Qc7 19. Rad1 Rad8 20. h4 Nge7 21. Ng5 g6 22. Ne4 Kg7 23. Nxd6 Rf8 24. Qc3+ f6 25. c5 bxc5 26. Bxc5 Rd7 27. g3 Rfd8 28. Re6 Ng8 29. Qc2 Nce7 30. Qa4 Nc8 31. Ne8+ Rxe8 32. Rxd7+ 1-0

[Event "Hampshire Major"]
[Site "Eastleigh"]
[Date "2014.11.09"]
[Round "5"]
[White "Matthew, Ian G"]
[Black "Sellen, John R"]
[Result "1-0"]
[WhiteElo "1760"]
[BlackElo "1576"]
[PlyCount "43"]
[EventDate "2014.11.07"]
[EventType "swiss"]
[EventRounds "6"]
[EventCountry "ENG"]
[SourceTitle "BritBase"]
[Source "John Saunders"]
[SourceDate "2015.01.03"]
[SourceVersion "1"]
[SourceVersionDate "2015.01.03"]
[SourceQuality "1"]

1. e4 Nf6 2. Nc3 e5 3. f4 d6 4. Nf3 Bg4 5. h3 Bxf3 6. Qxf3 Be7 7. Bc4 O-O 8. d3 Nc6 9. Be3 Na5 10. g4 Nxc4 11. dxc4 exf4 12. Qxf4 Nd7 13. O-O-O a6 14. h4 Qe8 15. Nd5 Rc8 16. g5 Qd8 17. Bd4 f6 18. Qg4 fxg5 19. Qe6+ Rf7 20. Rdf1 Nf6 21. hxg5 Bf8 22. gxf6 1-0

[Event "Hampshire Major"]
[Site "Eastleigh"]
[Date "2014.11.09"]
[Round "5"]
[White "Williams, Robin"]
[Black "Hurn, Paul"]
[Result "1/2-1/2"]
[WhiteElo "1720"]
[BlackElo "1696"]
[PlyCount "132"]
[EventDate "2014.11.07"]
[EventType "swiss"]
[EventRounds "6"]
[EventCountry "ENG"]
[SourceTitle "BritBase"]
[Source "John Saunders"]
[SourceDate "2015.01.03"]
[SourceVersion "1"]
[SourceVersionDate "2015.01.03"]
[SourceQuality "1"]

1. e4 e5 2. Nf3 Nc6 3. Bc4 Bc5 4. O-O Nf6 5. d4 Bxd4 6. Nxd4 Nxd4 7. f4 Nc6 8. Bxf7+ Kf8 9. Bb3 Qe7 10. Nc3 Qc5+ 11. Kh1 Ke8 12. fxe5 Nxe5 13. Qe2 Rf8 14. Be3 Qe7 15. Nd5 Nxd5 16. Rxf8+ Qxf8 17. Qh5+ Ng6 18. exd5 d6 19. Re1 Qf7 20. Ba4+ Kf8 21. Bg5 Bf5 22. Qxh7 Ne5 23. Qh8+ Qg8 24. Qh4 Qh7 25. Qf4 Kg8 26. Qd2 g6 27. Bf4 Nd7 28. Bxd7 Bxd7 29. Qa5 b6 30. Qc3 Bf5 31. Qd2 Qf7 32. c4 Re8 33. Rxe8+ Qxe8 34. Kg1 Qe4 35. b3 Qb1+ 36. Kf2 Qc2 37. Ke2 Qxd2+ 38. Kxd2 Kg7 39. Bg5 Bd7 40. a3 c6 41. dxc6 Bxc6 42. g3 Kf7 43. Ke3 d5 44. Kd4 dxc4 45. Kxc4 Ke6 46. Be3 Kd6 47. a4 Bd5+ 48. Kb4 Kc6 49. Kc3 a6 50. b4 b5 51. axb5+ axb5 52. Kd4 Kd6 53. Bf4+ Ke6 54. h4 Bc4 55. Bh6 Kf5 56. Bf8 Kg4 57. Bd6 Kf5 58. Kc5 Bd3 59. Bf4 Bc4 60. Kd6 Bd3 61. Ke7 Bc4 62. Bd6 Bd3 63. Kf7 Bc4+ 64. Kg7 Bd3 65. Kh6 Be2 66. Be7 Bf3 1/2-1/2

[Event "Hampshire Major"]
[Site "Eastleigh"]
[Date "2014.11.09"]
[Round "5"]
[White "Agostinelli, Dave"]
[Black "Jones, Gareth A"]
[Result "0-1"]
[WhiteElo "1624"]
[BlackElo "1864"]
[PlyCount "88"]
[EventDate "2014.11.07"]
[EventType "swiss"]
[EventRounds "6"]
[EventCountry "ENG"]
[SourceTitle "BritBase"]
[Source "John Saunders"]
[SourceDate "2015.01.03"]
[SourceVersion "1"]
[SourceVersionDate "2015.01.03"]
[SourceQuality "1"]

1. c4 Nf6 2. Nf3 g6 3. d4 Bg7 4. g3 O-O 5. Bg2 d5 6. cxd5 Nxd5 7. O-O c6 8. e4 Nb6 9. Nc3 Bg4 10. Be3 Nc4 11. Qb3 Nxe3 12. fxe3 Qb6 13. Qxb6 axb6 14. a3 Nd7 15. h3 Bxf3 16. Bxf3 Bh6 17. Kf2 b5 18. h4 Nb6 19. Be2 e5 20. g4 f5 21. g5 fxe4+ 22. Kg2 exd4 23. Nxe4 Bg7 24. exd4 Nd5 25. Rxf8+ Rxf8 26. Bg4 Ne3+ 27. Kg3 Nxg4 28. Kxg4 Bxd4 29. Rb1 Be5 30. Re1 Rf4+ 31. Kh3 Bxb2 32. Nd6 Bxa3 33. Nxb7 Bf8 34. Nd8 c5 35. Ne6 Rf5 36. Kg4 b4 37. h5 Be7 38. h6 Kf7 39. Re4 b3 40. Ng7 b2 41. Re1 Rxg5+ 42. Kf4 Rg2 43. Ke4 Rc2 44. Rb1 Bf6 0-1

[Event "Hampshire Major"]
[Site "Eastleigh"]
[Date "2014.11.09"]
[Round "5"]
[White "Gonem, Sherif"]
[Black "Maund, Barry"]
[Result "1/2-1/2"]
[WhiteElo "1624"]
[BlackElo "1672"]
[PlyCount "119"]
[EventDate "2014.11.07"]
[EventType "swiss"]
[EventRounds "6"]
[EventCountry "ENG"]
[SourceTitle "BritBase"]
[Source "John Saunders"]
[SourceDate "2015.01.03"]
[SourceVersion "1"]
[SourceVersionDate "2015.01.03"]
[SourceQuality "1"]

1. d4 d5 2. c4 e6 3. Nc3 a6 4. cxd5 exd5 5. Nf3 c6 6. Bf4 Bd6 7. Bxd6 Qxd6 8. e3 Nf6 9. Bd3 Bg4 10. O-O O-O 11. Qe2 Re8 12. h3 Bh5 13. g4 Bg6 14. Ne5 Bxd3 15. Qxd3 Nbd7 16. f4 h6 17. Rf3 Nh7 18. Raf1 f6 19. Qg6 Qe7 20. Nxd7 Qxd7 21. Ne2 Nf8 22. Qd3 Re7 23. Ng3 Rae8 24. Nh5 Re4 25. Ng3 Ng6 26. Nf5 Ne7 27. Ng3 Ng6 28. Qd2 Nh4 29. Nxe4 Nxf3+ 30. Rxf3 Rxe4 31. Qf2 Qe7 32. Qg3 Qb4 33. Qf2 Qe7 34. a3 Kh7 35. h4 Qe6 36. Rg3 g6 37. f5 gxf5 38. gxf5 Qf7 39. Rg6 Qe7 40. Rg3 Rxh4 41. Rg6 Rh5 42. Qf3 Rg5+ 43. Rxg5 hxg5 44. Qh3+ Kg8 45. Qg3 b6 46. Kf2 b5 47. b4 Kg7 48. Qh2 Kf7 49. Qh5+ Kg8 50. Qg6+ Kf8 51. Qh6+ Ke8 52. Qh2 Qd8 53. Qh7 Qe7 54. Qh2 Kf8 55. Qh8+ Kf7 56. Qh5+ Kg8 57. Qg6+ Kf8 58. Qh6+ Ke8 59. Qh2 Qd8 60. Qh7 1/2-1/2

[Event "Hampshire Major"]
[Site "Eastleigh"]
[Date "2014.11.09"]
[Round "5"]
[White "Osborne, Keith C"]
[Black "Snook Lumb, Chris"]
[Result "1-0"]
[WhiteElo "1648"]
[BlackElo "1592"]
[PlyCount "109"]
[EventDate "2014.11.07"]
[EventType "swiss"]
[EventRounds "6"]
[EventCountry "ENG"]
[SourceTitle "BritBase"]
[Source "John Saunders"]
[SourceDate "2015.01.03"]
[SourceVersion "1"]
[SourceVersionDate "2015.01.03"]
[SourceQuality "1"]

1. d4 f5 2. Nf3 Nf6 3. Nc3 d5 4. Bf4 e6 5. a3 c6 6. h3 Be7 7. e3 O-O 8. Bd3 Ne4 9. O-O Nd7 10. Rb1 Ndf6 11. Re1 Bd7 12. Ne5 Be8 13. f3 Nd6 14. Ne2 Kh8 15. c4 Rg8 16. c5 Nf7 17. Bh2 Nh6 18. Nf4 Qc8 19. g4 g5 20. Ng2 Rg7 21. Qc2 Bg6 22. Kf2 Nhg8 23. Rh1 Qf8 24. Qb3 Bd8 25. Rbf1 Nh6 26. Ke1 Be8 27. Qc2 Nfg8 28. b4 b5 29. e4 dxe4 30. fxe4 f4 31. Nf3 a5 32. Qb2 axb4 33. axb4 Bf6 34. e5 Bd8 35. Kf2 Rga7 36. Ra1 Qf7 37. Rhd1 Qb7 38. Be4 Ne7 39. Nxg5 Nd5 40. Rxa7 Qxa7 41. Nxe6 Ne3 42. Nxe3 fxe3+ 43. Kxe3 Bh4 44. d5 Qf7 45. Bf4 Ng8 46. Ng5 Qg7 47. Nxh7 cxd5 48. Bf5 Bf7 49. Ra1 Rd8 50. Qd4 Nh6 51. Bd3 Bg8 52. g5 Be6 53. c6 Rc8 54. Ra7 Qg8 55. Nf6 1-0

[Event "Hampshire Major"]
[Site "Eastleigh"]
[Date "2014.11.09"]
[Round "5"]
[White "Samuels, Henry Alexander"]
[Black "Stone, Mark"]
[Result "1/2-1/2"]
[WhiteElo "1752"]
[BlackElo "1624"]
[PlyCount "96"]
[EventDate "2014.11.07"]
[EventType "swiss"]
[EventRounds "6"]
[EventCountry "ENG"]
[SourceTitle "BritBase"]
[Source "John Saunders"]
[SourceDate "2015.01.03"]
[SourceVersion "1"]
[SourceVersionDate "2015.01.03"]
[SourceQuality "1"]

1. e4 d5 2. exd5 Qxd5 3. Nf3 Nf6 4. d4 c6 5. Be2 Bf5 6. O-O e6 7. c4 Qd8 8. Nc3 Be7 9. h3 Qc7 10. Be3 Nbd7 11. a3 a5 12. Qb3 h6 13. Rfd1 O-O 14. Rac1 Rfd8 15. Nh4 Bh7 16. f4 Ne4 17. Nf3 Nxc3 18. Qxc3 Bf6 19. Bd3 Bxd3 20. Qxd3 Nb6 21. Qc2 Rac8 22. Qf2 Nd7 23. g4 Be7 24. Rf1 Rf8 25. d5 cxd5 26. cxd5 Qd6 27. dxe6 Qxe6 28. Rfe1 Rxc1 29. Rxc1 Nf6 30. f5 Qd7 31. Qd2 Qxd2 32. Bxd2 b6 33. Be3 Nd5 34. Kf2 Nxe3 35. Kxe3 Bc5+ 36. Kd3 Re8 37. Re1 Rd8+ 38. Kc4 Kf8 39. b4 axb4 40. axb4 Bf2 41. Re2 Bg3 42. Kb5 Rd3 43. Ne1 Rb3 44. Kc4 Rb1 45. Nd3 Bd6 46. Kb5 Rb3 47. Kc4 Rb1 48. Kb5 Rb3 1/2-1/2

[Event "Hampshire Major"]
[Site "Eastleigh"]
[Date "2014.11.09"]
[Round "5"]
[White "Gowers, Robert"]
[Black "Syed, Ashraf"]
[Result "0-1"]
[WhiteElo "1720"]
[BlackElo "1712"]
[PlyCount "78"]
[EventDate "2014.11.07"]
[EventType "swiss"]
[EventRounds "6"]
[EventCountry "ENG"]
[SourceTitle "BritBase"]
[Source "John Saunders"]
[SourceDate "2015.01.03"]
[SourceVersion "1"]
[SourceVersionDate "2015.01.03"]
[SourceQuality "1"]

1. e4 c5 2. Nc3 g6 3. d3 Bg7 4. Bd2 Nc6 5. f4 d6 6. Nf3 Bg4 7. h3 Bxf3 8. Qxf3 Nd4 9. Qd1 e6 10. Be2 Qh4+ 11. Kf1 Ne7 12. Be3 Qg3 13. Qd2 Nxc2 14. Bf2 Ne3+ 15. Qxe3 Qxe3 16. Bxe3 Nc6 17. Rc1 O-O 18. b3 a6 19. a3 b5 20. Bf3 Rac8 21. Kf2 Nd4 22. b4 cxb4 23. axb4 Nxf3 24. Kxf3 Bxc3 25. Rb1 Bg7 26. Bd2 Rc2 27. Ke3 Rfc8 28. d4 Bxd4+ 29. Kxd4 Rxd2+ 30. Ke3 Rxg2 31. Kf3 Rgc2 32. Rhe1 h5 33. Rb3 Kf8 34. Ree3 Rh2 35. Kg3 Rcc2 36. Kh4 f6 37. Rbd3 Ke7 38. Rg3 Rcg2 39. Rgf3 Rg4# 0-1

[Event "Hampshire Major"]
[Site "Eastleigh"]
[Date "2014.11.09"]
[Round "5"]
[White "Crouch, Timothy J"]
[Black "Belinger, John"]
[Result "1-0"]
[WhiteElo "1616"]
[BlackElo "1776"]
[PlyCount "118"]
[EventDate "2014.11.07"]
[EventType "swiss"]
[EventRounds "6"]
[EventCountry "ENG"]
[SourceTitle "BritBase"]
[Source "John Saunders"]
[SourceDate "2015.01.03"]
[SourceVersion "1"]
[SourceVersionDate "2015.01.03"]
[SourceQuality "1"]

1. e4 d5 2. e5 c5 3. Bb5+ Bd7 4. Bxd7+ Qxd7 5. Nf3 Nc6 6. O-O e6 7. c3 Nge7 8. d4 cxd4 9. cxd4 Nf5 10. a3 Be7 11. b4 Rc8 12. Bb2 O-O 13. Nbd2 f6 14. Nb3 b5 15. Rc1 Nb8 16. Qe2 Rxc1 17. Rxc1 Rc8 18. exf6 Rxc1+ 19. Bxc1 Bxf6 20. Nc5 Qc6 21. Qxe6+ Qxe6 22. Nxe6 Kf7 23. Nc7 Nxd4 24. Nxd4 Bxd4 25. Nxd5 Be5 26. g3 Nc6 27. Kg2 Ke6 28. Ne3 g6 29. f4 Bc3 30. Kf3 Nd4+ 31. Ke4 Nb3 32. Nd1 Bxb4 33. axb4 Nxc1 34. Nc3 a6 35. g4 Nb3 36. f5+ gxf5+ 37. gxf5+ Kf7 38. Ke5 Nd2 39. h3 Nc4+ 40. Kf4 Nd6 41. Nd5 h6 42. h4 Nc4 43. Nc7 a5 44. bxa5 Nxa5 45. Nxb5 Nc6 46. Nd6+ Kf6 47. Ne4+ Kf7 48. Kg4 Ne5+ 49. Kh5 Nf3 50. Kg4 Ne5+ 51. Kf4 Nd3+ 52. Ke3 Ne5 53. Nf2 Kf6 54. Kf4 Nd7 55. Ng4+ Kg7 56. Ke4 Nc5+ 57. Ke5 Nd7+ 58. Ke6 Nc5+ 59. Ke7 Ne4 1-0

[Event "Hampshire Major"]
[Site "Eastleigh"]
[Date "2014.11.09"]
[Round "6"]
[White "Wilson, Matthew R"]
[Black "Matthew, Ian G"]
[Result "1-0"]
[WhiteElo "1848"]
[BlackElo "1760"]
[PlyCount "43"]
[EventDate "2014.11.07"]
[EventType "swiss"]
[EventRounds "6"]
[EventCountry "ENG"]
[SourceTitle "BritBase"]
[Source "John Saunders"]
[SourceDate "2015.01.03"]
[SourceVersion "1"]
[SourceVersionDate "2015.01.03"]
[SourceQuality "1"]

1. e4 e5 2. Nf3 Nc6 3. Bc4 Nf6 4. d3 Be7 5. c3 d5 6. exd5 Nxd5 7. Bb3 O-O 8. O-O Bg4 9. Re1 Kh8 10. h3 Bh5 11. g4 Bg6 12. Nxe5 Nxe5 13. Rxe5 c6 14. Bxd5 cxd5 15. Qf3 Bd6 16. Rxd5 Qc7 17. Nd2 Rad8 18. Kg2 Bh2 19. Rxd8 Rxd8 20. Ne4 Qe5 21. d4 Qc7 22. Ng3 1-0

[Event "Hampshire Major"]
[Site "Eastleigh"]
[Date "2014.11.09"]
[Round "6"]
[White "Jones, Gareth A"]
[Black "Moore, Gillian A"]
[Result "1-0"]
[WhiteElo "1864"]
[BlackElo "1736"]
[PlyCount "67"]
[EventDate "2014.11.07"]
[EventType "swiss"]
[EventRounds "6"]
[EventCountry "ENG"]
[SourceTitle "BritBase"]
[Source "John Saunders"]
[SourceDate "2015.01.03"]
[SourceVersion "1"]
[SourceVersionDate "2015.01.03"]
[SourceQuality "1"]

1. Nf3 d5 2. g3 c5 3. Bg2 Nc6 4. d4 cxd4 5. Nxd4 e5 6. Nxc6 bxc6 7. O-O Qc7 8. c4 dxc4 9. Qa4 Ne7 10. Qxc4 Be6 11. Qc2 Rd8 12. Nc3 g6 13. Bg5 Rb8 14. Bf6 Rg8 15. a4 Qb6 16. Ne4 Nd5 17. Bxe5 Rb7 18. Rfd1 Be7 19. Nd6+ Bxd6 20. Bxd6 f5 21. Rac1 Kd7 22. Be5 Bf7 23. e4 fxe4 24. Qxe4 Be6 25. Bd4 Qa6 26. Re1 Re8 27. Bh3 Nc7 28. Bxe6+ Rxe6 29. Qc2 Rb4 30. Rxe6 Nxe6 31. Be5 Rxa4 32. Rd1+ Kc8 33. Qb3 Qc4 34. Qb8# 1-0

[Event "Hampshire Major"]
[Site "Eastleigh"]
[Date "2014.11.09"]
[Round "6"]
[White "Dore, Alexandre"]
[Black "Osborne, Keith C"]
[Result "1/2-1/2"]
[WhiteElo "1856"]
[BlackElo "1648"]
[PlyCount "90"]
[EventDate "2014.11.07"]
[EventType "swiss"]
[EventRounds "6"]
[EventCountry "ENG"]
[SourceTitle "BritBase"]
[Source "John Saunders"]
[SourceDate "2015.01.03"]
[SourceVersion "1"]
[SourceVersionDate "2015.01.03"]
[SourceQuality "1"]

1. e4 c5 2. c3 e6 3. d4 cxd4 4. cxd4 Nf6 5. Nc3 Bb4 6. Bd3 Nc6 7. Nf3 O-O 8. Bg5 Qa5 9. O-O Bxc3 10. Bxf6 Bxb2 11. Rb1 Qxa2 12. Be5 Nxe5 13. Nxe5 Bxd4 14. Bc4 Bxf2+ 15. Rxf2 Qa5 16. Rb5 Qc7 17. Ba2 d5 18. Ng4 dxe4 19. Nf6+ gxf6 20. Qg4+ Kh8 21. Qxe4 f5 22. Qd4+ f6 23. Rc5 Qb6 24. Rd2 e5 25. Qc3 Rd8 26. Rb2 Rd1+ 27. Kf2 Qd8 28. Rxe5 Rd4 29. Re1 Rf4+ 30. Kg1 Re4 31. Rbb1 Rxe1+ 32. Rxe1 Bd7 33. Rd1 Qb6+ 34. Kh1 Rc8 35. Qa1 Rc7 36. h3 Kg7 37. Rd3 f4 38. Qd1 Bf5 39. Rd6 Qb2 40. Qd5 Bxh3 41. Qg8+ Kh6 42. Qf8+ Kg6 43. Qe8+ Kh6 44. Qf8+ Kg6 45. Qe8+ Kh6 1/2-1/2

[Event "Hampshire Major"]
[Site "Eastleigh"]
[Date "2014.11.09"]
[Round "6"]
[White "Webb, John"]
[Black "Williams, Robin"]
[Result "0-1"]
[WhiteElo "1616"]
[BlackElo "1720"]
[PlyCount "60"]
[EventDate "2014.11.07"]
[EventType "swiss"]
[EventRounds "6"]
[EventCountry "ENG"]
[SourceTitle "BritBase"]
[Source "John Saunders"]
[SourceDate "2015.01.03"]
[SourceVersion "1"]
[SourceVersionDate "2015.01.03"]
[SourceQuality "1"]

1. c4 b6 2. Nf3 Bb7 3. Nc3 e6 4. g3 Bxf3 5. exf3 f5 6. f4 Nf6 7. Bg2 c6 8. d4 d5 9. cxd5 exd5 10. O-O Be7 11. Re1 O-O 12. a3 Na6 13. b4 Nc7 14. Rb1 Qd7 15. Qc2 Rfe8 16. Bb2 Rac8 17. Nd1 Nb5 18. Qd3 Nd6 19. Ne3 g6 20. Rbc1 b5 21. Rc2 Nc4 22. f3 Bd6 23. Ree2 Re7 24. Nxc4 dxc4 25. Qc3 Nd5 26. Qe1 Rce8 27. Rxe7 Qxe7 28. Qxe7 Rxe7 29. Kf2 Ne3 30. Rc1 Nxg2 0-1

[Event "Hampshire Major"]
[Site "Eastleigh"]
[Date "2014.11.09"]
[Round "6"]
[White "Conway, Alex"]
[Black "Maund, Barry"]
[Result "1-0"]
[WhiteElo "1848"]
[BlackElo "1672"]
[PlyCount "43"]
[EventDate "2014.11.07"]
[EventType "swiss"]
[EventRounds "6"]
[EventCountry "ENG"]
[SourceTitle "BritBase"]
[Source "John Saunders"]
[SourceDate "2015.01.03"]
[SourceVersion "1"]
[SourceVersionDate "2015.01.03"]
[SourceQuality "1"]

1. e4 e6 2. d4 d5 3. e5 c5 4. c3 Nc6 5. Nf3 cxd4 6. cxd4 Bb4+ 7. Nc3 Nge7 8. Be3 Nf5 9. Bd3 O-O 10. O-O Nce7 11. a3 Bxc3 12. bxc3 Nxe3 13. fxe3 f6 14. Qb3 fxe5 15. Nxe5 Nc6 16. Rxf8+ Kxf8 17. Rf1+ Kg8 18. Nf7 Qe7 19. Qc2 Qh4 20. g3 Qh5 21. Qf2 e5 22. Nh6+ 1-0